[Event "EICC 2017"]
[Site "Minsk"]
[Date "2017.06.06"]
[Round "7"]
[White "Can, Emre"]
[Black "Minasian, Artashes"]
[Result "1-0"]
[WhiteElo "2589"]
[BlackElo "2480"]
[Annotator "TA"]
[PlyCount "107"]
[EventDate "2017.??.??"]
[EventCountry "BLR"]
[SourceTitle "playchess.com"]
[Source "ChessBase"]
[SourceQuality "1"]

{[%evp 21,107,11,18,18,12,12,9,13,22,0,13,0,9,4,0,0,0,-19,-18,-27,3,-33,-37,-30,11,8,8,5,36,37,31,8,27,35,71,75,88,31,64,79,81,16,60,18,72,68,61,70,65,39,41,29,111,100,142,116,110,120,207,185,227,202,253,209,301,265,308,289,269,94,389,86,195,189,203,204,962,956,873,866,5181,5065,5618,5243,29986,29987,29995,29996]} 1. d4 d5 2. Nf3 e6 3. c4 c6 4. Nbd2 f5 5. g3 Nf6 6. Bg2 Bd6 7. O-O O-O 8. Qc2 Nbd7 9. Ne1 {[%cal Bf3e1,Be1d3,Bd3f4][%mdl 32]} Qe7 10. Nd3 b6 11. Nf3 Bb7 12. Bf4 {A90: Dutch Defence: Miscellaneous and Modern Stonewall (with ...Bd6)} c5 (12... Bxf4 13. Nxf4 c5 14. Ng5 e5 15. dxe5 Nxe5 16. cxd5 g6 17. d6 Qd7 18. Bxb7 Qxb7 19. Nfe6 Rfc8 {1-0 (38) Karpov,A (2628)-Vega Gutierrez,S (2414) Cap d'Agde 2016}) 13. Bxd6 Qxd6 14. cxd5 {The position is equal.} Bxd5 15. Nf4 Be4 16. Qb3 $146 ({Predecessor:} 16. Qc4 Nd5 17. Rfd1 Rac8 18. e3 h6 19. Rac1 Nxf4 20. gxf4 {½-½ (32) Antonenko,V (2412)-Van Tienhoven,R (2390) ICCF email 2009}) 16... Nd5 17. Nxd5 exd5 18. dxc5 bxc5 19. Rad1 Rab8 {[%cal Ba8b8,Bb8b6,Bb6a6][%mdl 32]} 20. Qa3 Rb6 21. b3 Ra6 22. Qb2 Qf6 23. Qxf6 Nxf6 24. Rd2 Re8 25. Rc1 Ra5 26. e3 h6 27. Ne1 {Strongly threatening f3.} d4 28. exd4 cxd4 29. f3 ({White should try} 29. Bf1 $16) 29... Bd5 30. Kf2 Bf7 31. Nd3 (31. Bf1 $16) 31... Nd5 32. Rc5 Ra3 (32... Rxc5 $11 33. Nxc5 Nc3) 33. Nc1 Nb4 34. Bf1 a5 35. Bb5 Rd8 36. h4 $36 {[%mdl 2048] White is pushing.} (36. Bd3 $5) 36... Bg6 (36... g6 $11 {remains equal.}) 37. Bc4+ Kh7 38. Rc7 f4 39. gxf4 h5 (39... Bf5 $16 {might work better.}) 40. Rc5 $18 Rf8 41. Kg3 Rf6 42. Rg5 Nc6 (42... a4 $142 43. Ne2 (43. Rxd4 Nxa2 44. Nxa2 axb3 $16) 43... d3) 43. Nd3 Kh6 44. Ne5 Ne7 45. Rg2 $2 (45. Bg8 $18 {is more deadly.}) 45... Be8 $2 {[%mdl 8192]} (45... a4 $16) 46. Kh3 $2 (46. Bd3 $18 {has better winning chances.} Nd5 47. Nc4 Nxf4 48. Nxa3 Nxd3 49. Rd2 (49. Rxa5 Bc6 $18)) 46... g6 {[#]} (46... a4 $16 {was worth a try.}) 47. Bd3 $1 {aiming for Nc4.} Nd5 48. Nxg6 a4 $2 (48... Bf7 49. Be4 Ne3) 49. Rxd5 {Intending Ne7 and mate.} Bxg6 50. f5 Bh7 51. Ra5 Rb6 52. Kg3 Kg7 53. Kf4+ Kf6 54. Ra7 {Precision: White = 55%, Black = 29%.} 1-0

[Event "EICC 2017"]
[Site "Minsk"]
[Date "2017.06.06"]
[Round "7"]
[White "Potkin, Vladimir"]
[Black "Asadli, Vugar"]
[Result "1/2-1/2"]
[WhiteElo "2588"]
[BlackElo "2439"]
[Annotator "TA"]
[PlyCount "116"]
[EventDate "2017.??.??"]
[EventCountry "BLR"]
[SourceTitle "playchess.com"]
[Source "ChessBase"]
[SourceQuality "1"]

{[%evp 25,116,79,76,77,81,81,81,81,102,95,86,82,104,101,160,122,93,42,42,36,56,43,31,46,49,8,8,8,8,8,7,0,0,-9,-9,-9,-8,-8,18,12,14,0,0,0,8,0,0,0,12,14,14,0,0,0,0,0,0,0,0,-4,0,-7,0,0,0,0,0,0,0,-8,0,0,0,0,0,0,0,0,0,0,0,0,0,0,0,0,0,0,0,0,0,0,0]} 1. d4 Nf6 2. c4 g6 3. Nc3 Bg7 4. e4 d6 5. Nf3 O-O 6. h3 e5 7. d5 a5 8. Be3 Na6 9. g4 Nc5 10. Nd2 c6 11. Qc2 {E90: King's Indian: Classical: Early deviations and 6 h3} (11. Be2 Bd7 12. h4 cxd5 13. cxd5 Rc8 14. g5 Nh5 15. Bxc5 Rxc5 16. Bxh5 gxh5 17. Qxh5 b5 18. a4 bxa4 19. Qd1 Qc7 20. Nxa4 {0-1 (45) Grischuk,A (2751)-Naiditsch,A (2686) Novi Sad 2016}) 11... a4 12. a3 Qa5 13. Be2 Bd7 {LiveBook: 3 Games} 14. O-O-O cxd5 15. exd5 Rfc8 16. Kb1 b6 $146 ({Predecessor:} 16... Rab8 17. f3 b6 18. Rc1 Ne8 19. h4 h6 20. h5 {1-0 (49) Almeida Quintana,O (2486)-Clavijo,J (2330) Santa Clara 2015}) 17. Rhg1 Ne8 18. h4 Rab8 19. h5 Na6 (19... e4 $142) 20. hxg6 hxg6 21. Rc1 ({Better is} 21. Nde4 $16) 21... b5 $1 $14 {[%cal Rb5b4]} 22. cxb5 Bxb5 23. Bxb5 Rxb5 24. Qd3 Rbb8 $1 25. Nc4 Nc5 $1 {[%cal Rc5d3] The position is equal.} 26. Bxc5 Qxc5 27. Ne4 Qd4 28. Qxd4 exd4 29. Na5 Rxc1+ 30. Rxc1 d3 31. Nc4 $1 Nc7 32. Nc3 $1 Bd4 33. f3 Kg7 34. Nxa4 Nxd5 35. Nxd6 Ne3 36. Nc4 Ra8 37. b3 Rb8 38. Nxe3 {[#] Threatens to win with Nc4.} Rxb3+ ({Much worse is} 38... Bxe3 $6 39. Rc3 $16) 39. Ka2 d2 $1 {[%cal Rd2c1]} 40. Rd1 Rxe3 41. Rxd2 $11 {[%mdl 4096] Endgame KRB-KRN} Bf6 42. Nc5 Rxf3 43. a4 Rf4 {And now ...Be7 would win.} 44. a5 Be7 45. Rd5 Rxg4 46. Kb3 Rg1 47. Nd3 Ra1 48. Kc4 g5 49. Kb5 Kf6 50. a6 Ke6 51. Rd4 Bd6 {Strongly threatening ...f5.} 52. Kb6 Bh2 {aiming for ...Bg1.} 53. Nc5+ Ke5 {...Rxa6+! is the strong threat.} 54. Rg4 $1 Bf4 {White must now prevent ...f5.} 55. a7 f5 {[#]} 56. Rg1 $1 {[%mdl 512]} Rxa7 (56... Rxg1 57. a8=Q) 57. Nd3+ Ke4 58. Nxf4 gxf4 {Precision: White = 67%, Black = 79%.} 1/2-1/2

[Event "EICC 2017"]
[Site "Minsk"]
[Date "2017.06.06"]
[Round "7"]
[White "Alekseenko, Kirill"]
[Black "Moiseenko, Alexander"]
[Result "1-0"]
[WhiteElo "2585"]
[BlackElo "2677"]
[Annotator "TA"]
[PlyCount "103"]
[EventDate "2017.??.??"]
[EventCountry "BLR"]
[SourceTitle "playchess.com"]
[Source "ChessBase"]
[SourceQuality "1"]

{[%evp 15,103,41,41,18,8,0,17,-2,-4,-4,51,38,53,50,56,59,51,43,50,45,50,47,68,60,58,46,51,46,61,59,55,27,24,6,19,10,15,13,14,11,18,0,0,0,0,0,0,0,0,0,0,0,0,0,0,0,47,33,41,53,53,25,90,37,129,92,177,166,129,68,547,485,2987,199,2450,2279,29983,29984,29983,29984,29989,29990,29990,29991,29991,29991,29991,29992,29992,29993]} 1. e4 c5 2. Nf3 e6 3. b3 Nf6 4. e5 Nd5 5. Bb2 Nc6 6. g3 Be7 7. Bg2 O-O 8. O-O d6 9. exd6 {B40: Sicilian: 2...e6, Unusual lines} Qxd6 10. Na3 Bf6 (10... Rd8 11. Qe2 Bf6 12. Nc4 Qc7 13. Bxf6 Nxf6 14. Nce5 Bd7 15. c4 Be8 16. Rad1 Qb6 {1-0 (83) Soffer,R (2475)-Smirin,I (2685) St Petersburg 2016}) 11. Bxf6 {The position is equal.} Nxf6 12. Qe2 Rb8 $146 (12... b6 $11) ({Predecessor:} 12... Nd4 13. Nxd4 cxd4 14. Nc4 Qc5 15. Rae1 Rd8 16. Qd3 Rb8 {1-0 (58) Szymanski,M (2408)-Firman,N (2499) Pardubice 2006}) 13. Nb5 $14 Qe7 14. Ne5 $36 {[%mdl 2048] Black is under pressure.} Nd4 15. Nxd4 cxd4 16. c4 dxc3 17. dxc3 Qc7 18. c4 Nd7 19. f4 Nxe5 20. Qxe5 Qxe5 21. fxe5 Rd8 22. Rad1 {[%cal Rd1d8] [#]} Bd7 23. Rf4 {Hoping for Rfd4.} (23. Rd6 $5 {[%cal Rf1d1]} Bc6 24. Bxc6 Rxd6 25. exd6 bxc6 26. c5 $14) 23... Kf8 24. c5 Ke7 25. Rg4 Rdc8 26. b4 a5 27. a3 g6 28. Rd6 axb4 29. axb4 Bc6 30. Rh4 h5 31. Rhd4 Rc7 32. h4 (32. Kf2 {with more complications.} Ra8 33. Bf3 Ra3 34. Rd3 Ra2+ 35. Rd2) 32... Ra8 33. Bxc6 bxc6 $11 {[%mdl 4096] Endgame KRR-KRR} 34. Kf2 Rg8 35. Ke3 g5 36. g4 Rh8 37. hxg5 h4 38. Rd2 h3 (38... Rb8 $11 {keeps the balance.}) 39. Rh2 $16 Rh7 (39... Rb8 $1 $14) 40. Kf3 Rb7 (40... Rh8 $16) 41. Rxc6 $18 Rxb4 {[#]} 42. g6 $1 {[%mdl 512]} Rg7 $2 {[%mdl 8192]} (42... Rb3+ $14 43. Kf4 Rb4+ 44. Kg5 Rg7) (42... fxg6 43. Rc7+) 43. Rc7+ Kf8 (43... Ke8 $142 44. Rxh3 Rb3+ 45. Kg2 Rxh3 46. Kxh3 Rxg6) 44. Rc8+ Ke7 45. Rd2 {White threatens c6 and mate.} Rb5 46. Rc7+ {White mates.} Ke8 47. c6 Rb8 48. Rcd7 h2 49. Rxh2 Rb3+ 50. Kf4 Rb4+ 51. Ke3 Rb3+ 52. Kd4 {Precision: White = 67%, Black = 55%.} 1-0

[Event "EICC 2017"]
[Site "Minsk"]
[Date "2017.06.06"]
[Round "7"]
[White "Mastrovasilis, Dimitrios"]
[Black "Dubov, Daniil"]
[Result "1/2-1/2"]
[WhiteElo "2580"]
[BlackElo "2660"]
[Annotator "TA"]
[PlyCount "32"]
[EventDate "2017.??.??"]
[EventCountry "BLR"]
[SourceTitle "playchess.com"]
[Source "ChessBase"]
[SourceQuality "1"]

{[%evp 22,32,18,0,0,2,0,0,0,0,22,-13,-10]} 1. e4 c5 2. Nf3 Nc6 3. Bb5 g6 4. Bxc6 bxc6 5. O-O Bg7 6. Re1 Nh6 7. c3 O-O 8. h3 {B31: Sicilian: 2...Nc6 3 Bb5 g6} f5 9. e5 {[%cal Be4e5,Be5e6][%mdl 32]} Nf7 10. d3 Ba6 11. Na3 Rb8 12. Nc4 {LiveBook: 4 Games. The position is equal.} d6 13. e6 Bxc4 14. dxc4 Ne5 15. Nxe5 {[#]} dxe5 $146 ({Predecessor:} 15... Bxe5) 16. Be3 Rxb2 1/2-1/2

[Event "EICC 2017"]
[Site "Minsk"]
[Date "2017.06.06"]
[Round "7"]
[White "Abasov, Nijat"]
[Black "Zvjaginsev, Vadim"]
[Result "1/2-1/2"]
[WhiteElo "2575"]
[BlackElo "2661"]
[Annotator "TA"]
[PlyCount "57"]
[EventDate "2017.??.??"]
[EventCountry "BLR"]
[SourceTitle "playchess.com"]
[Source "ChessBase"]
[SourceQuality "1"]

{[%evp 18,57,14,3,20,0,0,8,0,-68,-64,-67,-58,-68,-63,-58,-80,-104,-91,-122,-111,-112,-122,-149,-134,-138,-90,-87,-39,-36,0,0,0,0,0,0,0,0,0,0,0,-20]} 1. e4 c5 2. Nf3 Nc6 3. d4 cxd4 4. Nxd4 g6 5. Nc3 Bg7 6. Be3 Nf6 7. Nxc6 bxc6 8. e5 Ng8 {[%cal Bf6g8,Bg8h6,Bh6f7][%mdl 32]} 9. f4 Nh6 10. Qd2 {LiveBook: 18 Games} d5 {B34: Sicilian: Accelerated Dragon with 5 Nc3: sidelines} 11. Bc5 $146 ({Predecessor:} 11. O-O-O O-O 12. h3 f6 13. exf6 Bxf6 14. g4 Nf7 15. Bg2 Qa5 16. Bd4 Rb8 17. Bxf6 exf6 18. Ne4 Qxa2 19. Nxf6+ Kg7 20. Qc3 Qa1+ 21. Kd2 Qxb2 22. Ne8+ Kg8 23. Nf6+ Kg7 24. Ne8+ {½-½ (24) Sitnikov,A (2459)-Banikas,H (2576) Kavala 2006}) 11... O-O 12. Bd3 f6 13. O-O (13. exf6 $11 Bxf6 14. Na4) 13... fxe5 $15 14. fxe5 Nf7 15. Rae1 Nxe5 16. Rxf8+ Qxf8 17. Kh1 Qf6 18. Rf1 Qh4 19. Be4 e6 20. g3 Qd8 21. Bg2 Ba6 22. Re1 Qa5 23. b4 $1 {[%cal Rb4a5]} Qa3 {...Nc4 is the strong threat.} 24. Qe3 $1 $36 {[%mdl 2048] Black must now prevent b5.The position is equal. White has the initiative.} Qb2 {aiming for ...Re8.} 25. b5 Bxb5 ({Don't go for} 25... cxb5 $2 26. Nxd5 $1 {[%mdl 512]} Kh8 27. Nb4 $18) 26. Nxb5 Qxb5 27. Bd6 Nc4 28. Qxe6+ Kh8 29. Be7 {Precision: White = 64%, Black = 71%.} (29. Bf1 $5 {[%cal Re6d7]} Rg8 {[#]} 30. Be5 $1 {[%mdl 512]} Bxe5 31. Bxc4 dxc4 32. Rxe5 Qb1+ 33. Re1 $11) 1/2-1/2

[Event "EICC 2017"]
[Site "Minsk"]
[Date "2017.06.06"]
[Round "7"]
[White "Palac, Mladen"]
[Black "Druska, Juraj"]
[Result "1-0"]
[WhiteElo "2573"]
[BlackElo "2430"]
[Annotator "TA"]
[PlyCount "75"]
[EventDate "2017.??.??"]
[EventCountry "BLR"]
[SourceTitle "playchess.com"]
[Source "ChessBase"]
[SourceQuality "1"]

{[%evp 15,75,23,24,30,46,41,56,48,62,64,65,47,52,33,54,19,12,0,-5,-10,-2,0,48,38,128,123,131,16,12,21,327,320,29994,844,1075,1268,1268,1274,1270,1233,1248,1205,1385,1565,1408,1384,1260,950,1881,1653,29992,1354,29992,29993,29994,29953,29940,6279,29994,29991,29991,29992]} 1. e4 e6 2. d4 d5 3. Nc3 Nf6 4. Bg5 dxe4 5. Nxe4 Be7 6. Bxf6 gxf6 7. Qd2 a6 {C13: French: Classical System: 4 Bg5 Be7, Alekhine-Chatard Attack} 8. O-O-O b5 {LiveBook: 3 Games} 9. g4 Bb7 {White has an edge.} 10. Bg2 $1 Bd5 {...f5 is the strong threat.} 11. f4 Nd7 $146 ({Predecessor:} 11... h5 12. f5 hxg4 13. Qf4 exf5 14. Qxf5 Be6 15. Qf2 {1-0 (29) Maze,S (2613)-Poetsch,H (2497) Germany 2017}) 12. Nc3 Nb6 13. Nxd5 exd5 14. Ne2 Qd7 15. Ng3 Qxg4 16. Rde1 {Black must now prevent Qe3.} Kd7 17. Qd3 Bd6 18. Kb1 h5 ({Much worse is} 18... Qxf4 $6 19. Ref1 $14) 19. h4 Kc6 ({Of course not} 19... Qxf4 $6 20. Ne2 $16) (19... Rae8 $14) 20. Bf3 $36 {[%mdl 2048] Black is under strong pressure.} Qxf4 21. Nxh5 ({White should play} 21. Nf5 $16) 21... Qh6 $11 22. a4 {[%cal Ba2a4,Ba4a5][%mdl 32] Hoping for a5.} Rae8 $2 {[%mdl 8192] [#]} ({Much weaker is} 22... Nxa4 23. Qf5 $16) (22... Kb7 $11) 23. a5 $1 $18 Nd7 $2 {[#]} (23... Rxe1+ $18 24. Rxe1 Bb4) 24. Qb3 (24. Bxd5+ $142 $1 {[%mdl 512]} Kxd5 25. Qb3+ Kxd4 26. Rd1+ Qd2 27. Rxd2+ Ke4 28. Qd5+ Ke3 29. Re1#) 24... Rxe1+ 25. Rxe1 {[%csl Gb3][%cal Rf3d5]} Qxh5 26. Bxh5 Rxh5 27. Qc3+ Kb7 28. Qf3 Rxh4 29. Qxd5+ Ka7 30. Qxf7 Nb8 31. Re8 Rxd4 32. Qg8 c5 33. c3 (33. Qg7+ $142 Be7 34. Qxe7+ Rd7 35. Qxc5+ Ka8 36. Qc6+ Rb7 37. Qxa6+ Ra7 38. Qc6+ Rb7 39. a6 f5 40. Qxb7#) 33... Rd2 34. Qf7+ Ka8 35. Qxf6 Kb7 36. Qf7+ (36. Qg7+ $142 Bc7 37. Re7 Nd7 38. Rxd7 Rxd7 39. Qxd7 c4 40. Kc2 Kb8 41. Qc6 Bxa5 42. Qxa6) 36... Ka8 37. Qf3+ Ka7 38. Kc1 {Precision: White = 46%, Black = 35%.} 1-0

[Event "EICC 2017"]
[Site "Minsk"]
[Date "2017.06.06"]
[Round "7"]
[White "Svetushkin, Dmitry"]
[Black "Drozdowski, Kacper"]
[Result "1-0"]
[WhiteElo "2573"]
[BlackElo "2478"]
[Annotator "TA"]
[PlyCount "119"]
[EventDate "2017.??.??"]
[EventCountry "BLR"]
[SourceTitle "playchess.com"]
[Source "ChessBase"]
[SourceQuality "1"]

{[%evp 25,119,37,35,28,47,14,15,15,21,19,26,13,20,13,13,12,22,13,13,13,13,13,13,10,22,24,6,6,28,16,37,32,36,45,43,16,104,104,104,104,102,93,107,86,86,25,152,152,203,163,203,203,233,233,211,203,193,193,177,136,203,203,224,177,135,135,201,135,851,121,808,135,1189,850,1366,1042,1374,1153,1294,1139,1111,1198,1188,1165,1177,1123,1149,1108,776,462,2587,2559,2420,2087,1822,1808]} 1. e4 d6 {[%cal Bd7d6,Bd6d5][%mdl 32]} 2. d4 Nf6 3. f3 d5 4. e5 Nfd7 5. f4 c5 6. Nf3 Nc6 7. Nc3 cxd4 8. Nxd4 Nxd4 9. Qxd4 e6 10. Be3 Bc5 11. Qd2 Bxe3 12. Qxe3 Qb6 13. Qxb6 Nxb6 14. Bd3 {C11: French: Classical System: 4 e5 and 4 Bg5 dxe4} Bd7 (14... Ke7 15. O-O-O Bd7 16. b3 g5 17. fxg5 Rag8 18. h4 h6 19. g6 fxg6 20. Ne2 g5 21. Rdf1 gxh4 22. Rxh4 {1-0 (46) Najer,E (2663)-Kiriakov,P (2535) Sochi 2015}) 15. Ne2 f6 16. O-O {The position is equal.} fxe5 $146 ({Predecessor:} 16... Na4 17. b3 Nc5 18. Nd4 fxe5 19. fxe5 Ke7 20. Kf2 Nxd3+ 21. cxd3 Rhf8+ {½-½ (88) Rayner,F (2247)-Armstrong,M (2101) Hastings 2007}) 17. fxe5 Ke7 18. Rf4 Raf8 19. Rg4 g6 20. a4 Rc8 21. Rb4 Bc6 22. Nd4 Nd7 23. Nf3 a5 24. Rh4 Nc5 25. b4 $36 {[%mdl 2048] Black is under pressure.} axb4 26. Rxb4 Ra8 {[%cal Ra8a4]} 27. a5 Ra7 28. Rh4 Nxd3 29. cxd3 h5 30. Nd4 Bd7 (30... Rf8 $11) 31. Rf4 $16 Rf8 32. Rxf8 Kxf8 {[%mdl 4096] Endgame KRB-KRN} 33. Kf2 Ra6 34. Ke3 Ke7 35. h4 (35. Nb3 $1 $16) 35... Ra8 (35... b6 $11) 36. g3 Ra6 (36... Ra7 $16) 37. Rb1 $18 Rxa5 38. Rxb7 {aiming for Nc6+.} Ra1 {[#]} 39. Nb3 $1 {[%cal Rb3a1]} Rb1 40. Nc5 Rxb7 41. Nxb7 {KB-KN} Ba4 42. Kd2 Bc6 {[#]} (42... Be8 $16) 43. Nc5 $1 Kf7 44. Ke3 Bb5 45. Kd4 Bc6 (45... Be8 $16 {was called for.}) 46. Kc3 Ke7 $2 {[%mdl 8192]} (46... d4+ $16 47. Kxd4 Bg2) 47. Kb4 $2 (47. d4 $18 Bb5 48. Kd2) 47... Be8 $2 {[%mdl 8192]} (47... d4 $16 48. Kc4 Kf7 49. Kxd4 Bf3) 48. Ka5 $2 (48. d4 $18 {is the precise move to win.} Bc6 49. Nd3) 48... Bc6 $2 {[%mdl 8192]} (48... d4 $16 49. Kb4 Bc6) 49. Kb6 {White is clearly winning.} Be8 50. d4 Bf7 51. Kc7 Be8 52. Nd3 Ba4 53. Nb4 Bd1 54. Nc6+ Ke8 55. Kd6 Bg4 56. Nb8 Kf7 57. Nd7 g5 (57... Bf5 $142 58. Nf6 Kg7) 58. hxg5 Bf5 59. Nc5 Bg4 {[#]} 60. Nxe6 $1 {[%mdl 512] Precision: White = 68%, Black = 37%.} 1-0

[Event "EICC 2017"]
[Site "Minsk"]
[Date "2017.06.06"]
[Round "7"]
[White "Deac, Bogdan-Daniel"]
[Black "Grandelius, Nils"]
[Result "1/2-1/2"]
[WhiteElo "2572"]
[BlackElo "2665"]
[Annotator "TA"]
[PlyCount "52"]
[EventDate "2017.??.??"]
[EventCountry "BLR"]
[SourceTitle "playchess.com"]
[Source "ChessBase"]
[SourceQuality "1"]

{[%evp 14,52,19,19,21,0,0,-8,-25,0,53,47,97,101,104,97,114,66,69,60,65,65,83,65,65,69,57,50,76,0,0,-2,-1,-13,0,0,0,0,0,0,0]} 1. d4 d5 2. Nf3 Nf6 3. c4 c6 4. Qc2 g6 5. Bf4 Bg7 6. e3 O-O 7. Nc3 Na6 8. h3 {LiveBook: 7 Games. D93: Grünfeld: 4 Nf3 Bg7 5 Bf4 0-0 6 e3} (8. Qb3 Nc7 9. Be2 dxc4 10. Bxc4 Ncd5 11. Be5 Nb6 12. Be2 Be6 13. Qc2 Bc4 14. O-O Bxe2 15. Nxe2 Nbd7 {½-½ (33) Lenderman,A (2587)-Ali Marandi,C (2479) Saint Louis 2017}) 8... Qa5 9. a3 c5 10. Qb3 $146 ({Predecessor:} 10. Be2 cxd4 11. exd4 dxc4 12. Bxc4 b5 13. Bxb5 Nd5 14. Bd2 Nxc3 15. Bc6 Nb4 16. Qxc3 Nxc6 17. Qxc6 Qb6 18. Qxb6 axb6 19. O-O {½-½ (19) Lemanczyk,T (2160)-Gawehns,K (2410) Germany 1998}) 10... Be6 11. Qb5 Qd8 (11... Qb6 $11) 12. Qxb7 $14 Qb6 13. Qxb6 axb6 14. Rd1 {[%cal Ba1d1,Bd1d4,Bd4c4][%mdl 32]} Rfd8 15. Ne5 (15. Na4 {is interesting.} Nd7 16. g4 Rac8 17. Be2 cxd4 18. exd4 Nc7 19. O-O) 15... cxd4 16. Rxd4 {Black must now prevent cxd5.} dxc4 17. Bxc4 Bxc4 18. Rxc4 ({Much weaker is} 18. Nxc4 Nd7 $11) 18... Nd5 19. Nxd5 Rxd5 20. Nc6 Kf8 21. Nb4 (21. Ke2 $16) 21... Rc5 $11 {The position is equal.} 22. Rxc5 Nxc5 23. Nd5 Nd3+ 24. Ke2 Nxf4+ 25. Nxf4 Bxb2 26. Rb1 Bxa3 {Precision: White = 50%, Black = 76%.} 1/2-1/2

[Event "EICC 2017"]
[Site "Minsk"]
[Date "2017.06.06"]
[Round "7"]
[White "Wagner, Dennis"]
[Black "Korchmar, Vasiliy"]
[Result "1-0"]
[WhiteElo "2571"]
[BlackElo "2422"]
[Annotator "TA"]
[PlyCount "131"]
[EventDate "2017.??.??"]
[EventCountry "BLR"]
[SourceTitle "playchess.com"]
[Source "ChessBase"]
[SourceQuality "1"]

{[%evp 15,131,38,31,21,22,22,20,29,59,24,59,59,63,62,77,64,69,43,49,39,64,46,120,56,96,72,85,92,111,72,82,82,74,80,91,0,0,0,0,0,0,0,0,0,0,0,0,0,0,0,0,0,0,0,98,8,8,13,18,11,73,76,81,82,93,80,78,68,60,43,76,0,0,0,86,85,82,88,85,80,89,54,54,52,59,45,45,28,24,24,28,32,45,34,34,34,103,103,165,160,450,513,721,593,737,725,655,554,5093,4134,29990,29984,29992,29992,29992,29992,29996,29997]} 1. e4 e5 2. Nf3 Nc6 3. Bb5 a6 4. Ba4 Nf6 5. d3 b5 6. Bb3 Be7 7. a4 Bb7 8. O-O O-O 9. c3 {C84: Closed Ruy Lopez: Unusual White 6th moves} (9. Bd2 d5 10. exd5 Nxd5 11. axb5 axb5 12. Rxa8 Bxa8 13. Nc3 Nxc3 14. Bxc3 Bf6 {½-½ (14) Grandelius,N (2644)-Nielsen,P (2654) Sweden 2016}) 9... d6 10. Bc2 Re8 11. Nbd2 $146 {The position is equal.} ({Predecessor:} 11. Re1 h6 12. Nbd2 Bf8 13. h3 g6 14. Nf1 Bg7 15. Ne3 Qd7 16. Nh2 d5 {½-½ (45) Abelguzin,D (2039)-Kazakovskiy,V (1971) Porto Carras 2013}) 11... Bf8 12. Re1 g6 13. b4 Bg7 14. Nb3 Rb8 15. Bd2 Bc8 16. axb5 axb5 17. d4 Bg4 18. Ra6 (18. d5 $5 {[%cal Rd5c6]} Ne7 19. h3 $14) 18... Ne7 (18... Bd7 $14) 19. h3 (19. dxe5 $16 dxe5 20. h3) 19... Qc8 {...Bxf3 is the strong threat.} 20. Ra3 ({Of course not} 20. dxe5 Nxe4 21. hxg4 (21. Bxe4 Bxf3 22. Bxf3 Qxa6 $17) 21... Nxd2 $15) 20... Bh5 21. dxe5 dxe5 22. Bg5 Rd8 23. Qe2 h6 24. Bxf6 Bxf6 25. g4 (25. Qe3 $16) 25... Bxg4 $1 $11 26. hxg4 Qxg4+ 27. Kh2 Qh5+ 28. Kg2 {Strongly threatening Rh1.} Qg4+ 29. Kh2 Qh5+ 30. Kg3 {[%cal Bh2g3,Bg3g2,Bg2h1][%mdl 32]} g5 $1 {[%cal Bg6g5,Bg5g4][%mdl 32]} 31. Nh2 Qh4+ 32. Kg2 {And now Ng4 would win.} h5 33. Qf3 g4 34. Qg3 Qg5 (34... Ng6 $11) 35. f3 ({Better is} 35. Nf1 $1 $16) 35... Rd2+ $1 36. Nxd2 Qxd2+ 37. Kh1 {Threatens to win with Bb3.} Qxc2 (37... Ng6 $1 $11 {keeps the balance.} 38. fxg4 h4) 38. fxg4 $16 h4 39. Qg2 $36 {[%mdl 2048] Keeping Black busy.} Qxg2+ 40. Kxg2 Rd8 41. Nf3 Ng6 42. g5 Be7 {[#]} 43. Kh3 (43. Rh1 $1 $16) 43... Rd3 $11 44. Kg4 Bxb4 (44... Kg7 $11) 45. Ra8+ $16 Bf8 46. Nxh4 Nxh4 47. Kxh4 {[%mdl 4096] Endgame Hoping for Rb1. KRR-KRB} Kg7 48. Rb8 Bc5 {White must now prevent ...Bf2+.} 49. Rf1 Rxc3 50. Rxb5 Rc4 $1 51. Kh5 Bd6 52. Re1 Rc2 $1 53. Rb3 Rf2 54. Rg3 Bc5 55. Rc1 Rh2+ (55... Bd6 $1 $14) 56. Kg4 Bf2 (56... Bd6 $16) 57. Rf3 $18 ({Worse is} 57. Rxc7 Bxg3 58. Kxg3 Rh1 $11) 57... c5 $2 (57... Bb6 $16 {is a better defense.} 58. Kf5 Rg2) 58. Rb1 Rh4+ 59. Kf5 Bd4 {[#]} 60. Rb7 $1 c4 61. Rc7 c3 62. g6 {[%cal Bg5g6,Bg6f7][%mdl 32]} c2 63. gxf7 {White mates.} Kf8 64. Ke6 Rh6+ 65. Rf6 Bc5 66. Rxh6 {Precision: White = 55%, Black = 55%.} 1-0